000 00680nam a2200205 i 4500
001 54198
003 ES-MaACL
005 20230906162920.0
007 t|
008 960715s1861 it ||||1| ita d
080 _a94(450)"1849/70"
080 _a32(450)"1849/70"
100 1 _aPassaglia, Carlo (
_d1812-1887)
_9130881
245 1 3 _aLa questione della indipendenza ed unitá d'Italia dinanzi al clero /
_cpar Ernest Filaléte (P. Passaglia).
260 _aFirenze :
_bFelice le Monnier,
_c1861.
300 _a67 p. ;
_c18 cm.
651 4 _aItalia-
_xHistoria-
_y1849-1870.
_98869
651 4 _aItalia-
_xPolítica y gobierno-
_y1849-1870.
_9171686
852 4 _aES-MaACL
_jT-90-F-11
999 _c54198
_d54198